| 000 | 00380nam a2200145Ia 4500 | ||
|---|---|---|---|
| 008 | 150201s2005 xx 000 0 und d | ||
| 082 |
_a616.12 _bE05C |
||
| 100 | _aCRAWFORD, MICHAEL T. | ||
| 245 | _aESSENTIALS OF DIAGNOSIS & TREATMENT CARDIOLOGY | ||
| 250 | _a1ST | ||
| 260 |
_bTATA MCGRAW HILL _aDELHI _c2005 |
||
| 300 | _a1-222 | ||
| 650 | _aGENERAL MEDICINE | ||
| 942 |
_2ddc _cBK |
||
| 999 |
_c1739 _d1739 |
||